Catálogo público

Orígen de Phaseolus vulgaris L. (frijol común) (Record no. 38090)

MARC details
000 -CABECERA
campo de control de longitud fija 00893nam a22002897a 4500
003 - IDENTIFICADOR DEL NÚMERO DE CONTROL
campo de control CHAP
005 - FECHA Y HORA DE LA ÚLTIMA TRANSACCIÓN
campo de control 20220329135528.0
008 - DATOS DE LONGITUD FIJA--INFORMACIÓN GENERAL
campo de control de longitud fija 971013s r 00010 d
010 ## - NÚMERO DE CONTROL DE LA BIBLIOTECA DEL CONGRESO
Número de control de LC 38090
011 ## - ENLACE DEL NUMERO DE CONTROL DE LA BIBLIOTECA DEL CONGRESO [OBSOLETO]
Número de control de LC 39062
035 ## - NÚMERO DE CONTROL DEL SISTEMA
Número de control de sistema 43182
040 ## - FUENTE DE LA CATALOGACIÓN
Centro/agencia transcriptor CHAP
090 ## - LOCALMENTE ASIGNADO TIPO-LC NÚMERO DE CLASIFICACIÓN (OCLC); NÚMERO DE CLASIFICACIÓN LOCAL (RLIN)
Número de clasificación (OCLC) (R) ; Numero de clasificación, CALL (RLIN) (NR) R-638
100 00 - ENTRADA PRINCIPAL--NOMBRE DE PERSONA
Nombre de persona Miranda Colín, Salvador.
9 (RLIN) 76065
245 ## - MENCIÓN DE TÍTULO
Título Orígen de Phaseolus vulgaris L. (frijol común)
500 ## - NOTA GENERAL
Nota general Sobretiro de: Agrociencia, 1(2):99-109, 1967
590 ## - NOTA LOCAL (RLIN)
Nota local BATCH-UPD
Procedencia (VM) [OBSOLETO] 10
Condición del los carretes individuales (VM) [OBSOLETO] 20130110
-- UCH01
-- 1442
590 ## - NOTA LOCAL (RLIN)
Nota local BATCH-UPD
Procedencia (VM) [OBSOLETO] 10
Condición del los carretes individuales (VM) [OBSOLETO] 20130410
-- UCH01
-- 0913
590 ## - NOTA LOCAL (RLIN)
Nota local BATCH-UPD
Procedencia (VM) [OBSOLETO] 10
Condición del los carretes individuales (VM) [OBSOLETO] 20130914
-- UCH01
-- 1438
590 ## - NOTA LOCAL (RLIN)
Nota local CONVERSION
Procedencia (VM) [OBSOLETO] 10
Condición del los carretes individuales (VM) [OBSOLETO] 20130109
-- UCH01
-- 1321
650 14 - PUNTO DE ACCESO ADICIONAL DE MATERIA--TÉRMINO DE MATERIA
Término de materia o nombre geográfico como elemento de entrada Frijol.
9 (RLIN) 43319
901 ## - ELEMENTOS DE DATOS A LOCAL LDA (RLIN)
a BK
942 ## - ELEMENTOS DE PUNTO DE ACCESO ADICIONAL (KOHA)
Tipo de ítem Koha Reimpreso
949 ## - PROCESAMIENTO DE INFORMACIÓN LOCAL (OCLC)
a R-638
b BC
c R
d -99125
e TS1
i 43182
s i
949 ## - PROCESAMIENTO DE INFORMACIÓN LOCAL (OCLC)
a R-638
b BC
c R
d -99127
e TS1
f c.3
i 43182
s i
949 ## - PROCESAMIENTO DE INFORMACIÓN LOCAL (OCLC)
a R-638
b BC
c UACH
d -99126
e UACH
f c.2
i 43182
s i
Holdings
Estado de retiro Estado de pérdida Fuente del sistema de clasificación o colocación Estado dañado Restricciones de uso No para préstamo Código de colección Localización permanente Ubicación/localización actual Ubicación en estantería Fecha de adquisición Total de préstamos Signatura topográfica completa Código de barras Fecha visto por última vez Precio válido a partir de Tipo de ítem Koha Número de copia
    Clasificación Universidad Autónoma de Chapingo   Préstamo interno2   Reimpresos Biblioteca Central Biblioteca Central Planta alta - Área de Tesis - Reimpresos 17/12/2012   R-638 -99125 31/12/2019 31/12/2019 Reimpreso  
    Clasificación Universidad Autónoma de Chapingo   Préstamo 3 días   Reimpresos Biblioteca Central Biblioteca Central Planta alta - Área de Tesis - Reimpresos 17/12/2012   R-638 -99127 31/12/2019 31/12/2019 Reimpreso c.3
    Clasificación Universidad Autónoma de Chapingo   Préstamo 3 días   Reimpresos Biblioteca Central Biblioteca Central Planta alta - Área de Tesis - Reimpresos 17/12/2012   R-638 -99126 31/12/2019 31/12/2019 Reimpreso c.2